Theory and design of adaptive filters (Record no. 319)

MARC details
000 -LEADER
Fixed length control field 00603nam a22001937a 4500
003 - CONTROL NUMBER IDENTIFIER
Control field SEACOMMC
005 - DATE AND TIME OF LATEST TRANSACTION
Control field 20231109075044.0
008 - FIXED-LENGTH DATA ELEMENTS--GENERAL INFORMATION
Fixed length control field 231109b |||||||| |||| 00| 0 eng d
020 ## - INTERNATIONAL STANDARD BOOK NUMBER / ISBN
Price Rs. 175.00
040 ## - CATALOGING SOURCE
Original cataloging agency SEACOMMC
082 ## - DEWEY DECIMAL CLASSIFICATION NUMBER
Classification number 621.3815324
Book Number IRE
100 1# - MAIN ENTRY--PERSONAL NAME
Personal name Ireichler, John R.
245 1# - TITLE STATEMENT
Title Theory and design of adaptive filters
Statement of responsibility John R. Ireichler, C. Richard Johnson and Michael G. Larimore
260 ## - IMPRINT
Place of publication New Delhi
Name of publisher Prentice-Hall
Date of publication 2002
650 ## - SUBJECT ADDED ENTRY--TOPICAL TERM
Topical term Engineering
Form subdivision Electronics, communications engineering
700 1# - ADDED ENTRY--PERSONAL NAME
Personal name Johnson, C. Richard
700 1# - ADDED ENTRY--PERSONAL NAME
Personal name Larimore, Michael G.
942 ## - ADDED ENTRY ELEMENTS (KOHA)
Koha item type Books
Holdings
Withdrawn status Lost status Source of classification Damaged status Not for loan Home library Current library Date acquired Total Checkouts Call number Accession number Date last seen Price effective from Koha item type
    Dewey Decimal Classification     SEACOM MANAGEMENT COLLEGE SEACOM MANAGEMENT COLLEGE 19/09/2006   621.3815324 IRE 05512 09/11/2023 09/11/2023 Books
© Seacom Engineering College, All rights reserved.    Powered by Koha